01673nam a2200445 i 450000100060000000300080000600500170001400600190003100700150005000800410006502000180010602000270012403500220015104000310017305000210020408000080022508200140023324501190024726400420036630000580040833600310046633700330049733800430053049000500057350400290062358800830065259001620073565000160089765000230091365000150093665000170095165000230096865000250099165500270101670000350104379700180107883000510109685600630114799900170121036081FINmELB20241216221405.0m o u cr cn|||||||||200320s2018 sp a ob 000 0 spa d z9788416919833 a9788416919840 (e-book) a(OCoLC)1149107085 aFINmELBbspaerdacFINmELB14aAZ103bL776 2018 a00104a001.322300aLiteratura en el laboratorio :bcanon, archivo y crítica literaria en la era digital /cFranco Moretti (coord.). 1aBarcelona :bEditorial Gedisa,c2018. a1 recurso en línea (236 páginas) :bilustraciones atextobtxt2rdacontent/spa acomputadorabc2rdamedia/spa arecurso en líneabcr2rdacarrier/spa1 aHerramientas universitarias. Literatura ;v18 aContiene bibliografía. aDescripción basada en metadatos suministrados por el editor y otras fuentes. aRecurso electrónico. Santa Fe, Arg.: elibro, 2019. Disponible vía World Wide Web. El acceso puede estar limitado para las bibliotecas afiliadas a elibro. 0aHumanities. 0aCanon (Literature) 0aCriticism. 4aHumanidades. 4aCanon (Literatura) 4aCrítica literaria. 4aLibros electrónicos.1 aMoretti, Franco,ecoordinador.2 aelibro, Corp. 0aHerramientas universitarias. Literatura ;v18.40uhttps://elibro.net/ereader/politecnicointernacional/118623 c36081d36081